Green-Themed Trivia Quiz Stats

 Plays Quiz Updated Aug 3, 2016

Challenge
Share
Tweet
Embed
Score 0/15 Timer 04:00
0 Plays Today
Question Answer % Correct
Which deadly sin completes the idiom 'green with ____'?envy
93.1%
Green is traditionally worn on which holiday celebrating Ireland's patron saint?St. Patrick's Day
91.5%
In Nintendo's popular Mario franchise, what is the name of Mario's green-clad brother?Luigi
91.4%
Which NFL team is based in Green Bay, Wisconsin?Packers
83.9%
What gemstone usually gets its green color from chromium?emerald
80.5%
The 'Green Goblin' is a Marvel villain who is usually pitted against which superhero? Spider-Man
79.7%
What type of green hat was worn by British Commandos during WWII?beret
73.3%
Greenland is an autonomous country within which Kingdom?Denmark
64.6%
Question Answer % Correct
Which Islamic prophet's tomb is topped by the 'Green Dome'?MuḼammad
63.4%
What is the French word for 'green'?vert
55%
Which 2004 Green Day album won a Grammy for Best Rock Album?American Idiot
51.2%
Which CW series stars Stephen Amell as a green-costumed crimefighter?Arrow
44.3%
Which 1908 novel by L. M. Montgomery was about a Canadian orphan?Anne of Green Gables
43.3%
What Ivy League school's athletic teams are known as the 'Big Green'?Dartmouth College
39.7%
Which actor received an Oscar nomination for playing John Coffey in 'The Green Mile'?Michael Clarke Duncan
28.6%

You're not logged in!

Compare scores with friends on all Sporcle quizzes.
OR
Log In

You Might Also Like...

Show Comments

Extras

Top Quizzes Today


Score Distribution

Your Account Isn't Verified!

In order to create a playlist on Sporcle, you need to verify the email address you used during registration. Go to your Sporcle Settings to finish the process.

Report this User

Report this user for behavior that violates our Community Guidelines.

Details: